000 00688nam a2200253Ia 4500
003 OSt
005 20221006143409.0
006 a|||||r|||| 00| 0
007 ta
008 221006b |||||||| |||| 00| 0 eng d
020 _c1613.50
024 _a8,849
037 _cTextual
040 _aEASL
_cEASL
_beng
041 _2eng
_aeng
082 _aX.410j1.N89, N0
100 _aHARTLAND-THUNBERG Penelope
245 0 _aChina, Hong Kong, Taiwan and the world trading system
260 _aLondon
_bMacmillan
_c1990
300 _a201p.
_ccm.
490 _v CEL
942 _hX.410j1.N89, N0
_cTEXL
_2CC
999 _c1076935
_d1076935